000 00710nam a2200217Ia 4500
003 GCL
008 140319s9999 xx 000 0 ara d
040 _aGCL /
_cGCL
082 0 4 _a813.009
_bم ت
100 1 _aمراد عبدالرحمن مبروك
245 1 0 _aتوظيف الشخصية الغجرية فى الرواية العربية فى مصر 1967_ 1991 /
_cمراد عبدالرحمن مبروك
260 _a[S.N] :
_bعالم الكتب الحديث ،
_c1992
300 _a186 ص
490 _a
650 0 4 _aالادب العربى
650 0 4 _aالعصر الحديث
650 0 4 _aالقصص العربية
650 0 4 _aمصر
650 0 4 _aتاريخ ونقد
942 _2ddc
_cBK
999 _c31747
_d31747